000 01453nam2a22002171 4500
001 RU\NLR\A1SV\137261
005 20251214192411.0
035 _a(NLR Aleph) 010710803
090 _a13491071
_c13491071
100 _a20150318d1926 u y0rusy50 ca
101 0 _arus
200 1 _aУчение о рудных месторождениях
215 _a[327] с. разд. паг., 16 л. ил., карт.
320 _a"Основные соч. по рудным месторождениям" (с.11-15); "Сводные работы и карты по полезным ископаемым России" (с.15-17)
461 1 _1001RU\NLR\A1SV\137260
_12000#$aКурс месторождений полезных ископаемых$eВ 2 ч. с атл.$fП.Н.Чирвинский, проф. прикладной геологии в Донск. политехн. ин-те$vЧ.1
_1700#1$aЧервинский$bП.Н.$f1880-1955$gПетр Николаевич
_99770462
_aЧирвинский, П. Н. (1880-1955)
_cНовочеркасск
_d1926
_fП.Н.Чирвинский, проф. прикладной геологии в Донск. политехн. ин-те
_nНовоч. студенч. кооператив "Знание"
_oВ 2 ч. с атл.
_tКурс месторождений полезных ископаемых
_vЧ.1
801 0 _aRU
_bNLR
_c20150318
852 _aNLR
_j29/31-1
942 _cBOOK
980 _aA1SV
980 _aNB